名字含“海”的县区 Counties with sea in their names - Statistics

General Stats
  • This quiz has been taken 167 times
  • The average score is 29 of 48
Answer Stats
地级行政区 县区 % Correct
盐城市 滨海县
95%
天津市 滨海新区
95%
北京市 海淀区
86%
南通市 海门区
83%
佛山市 南海区
83%
嘉兴市 海宁市
82%
舟山市 定海区
81%
南通市 海安市
79%
连云港市 东海县
78%
台州市 临海市
78%
嘉兴市 海盐县
74%
宁波市 镇海区
72%
阜新市 海州区
71%
连云港市 海州区
71%
宁波市 宁海县
71%
乌海市 海南区
69%
广州市 海珠区
68%
北海市 海城区
67%
鞍山市 海城市
67%
海南省直辖 琼海市
67%
烟台市 海阳市
66%
宁波市 海曙区
64%
天津市 静海区
63%
秦皇岛市 山海关区
63%
厦门市 海沧区
62%
汕尾市 海丰县
59%
呼伦贝尔市 海拉尔区
57%
大连市 长海县
56%
汕头市 澄海区
56%
温州市 瓯海区
55%
合肥市 瑶海区
55%
泰州市 海陵区
54%
秦皇岛市 海港区
53%
江门市 江海区
53%
乌海市 海勃湾区
49%
漳州市 龙海区
49%
海北藏族自治州 海晏县
46%
沧州市 海兴县
45%
阿勒泰地区 福海县
44%
牡丹江市 海林市
43%
绥化市 海伦市
43%
三亚市 海棠区
43%
西双版纳傣族自治州 勐海县
43%
玉溪市 通海县
42%
北海市 银海区
42%
中卫市 海原县
40%
锦州市 凌海市
40%
海南藏族自治州 兴海县
31%
No matching quizzes found
Score Distribution
Percent of People with Each Score
Percentile by Number Answered
Your Score History
You have not taken this quiz